The new romantics ; a reappraisal of the new criticism.

Bibliographic Details
Main Author: Foster, Richard Jackson, 1928-
Format: Book
Language:English
Published: Bloomington : Indiana University Press, [1962]
Subjects:

MARC

Tag First Indicator Second Indicator Subfields
LEADER 00000cam a2200000 4500
001 in00000036394
005 20151007060841.0
008 720606s1962 inu 00000 eng u
010 |a  62007979  
035 |a (OCoLC)00325905 
035 |9 AAD0383AM 
040 |c WSU  |d TXA  |d UtOrBLW 
049 |a TXAM  |c [343959] 
050 0 |a PN94  |b .F6 
092 |a 801.9  |b F756n 
100 1 |a Foster, Richard Jackson,  |d 1928- 
245 1 4 |a The new romantics ;  |b a reappraisal of the new criticism. 
264 1 |a Bloomington :  |b Indiana University Press,  |c [1962] 
300 |a 238 pages ;  |c 21 cm. 
336 |a text  |b txt  |2 rdacontent 
337 |a unmediated  |b n  |2 rdamedia 
338 |a volume  |b nc  |2 rdacarrier 
650 0 |a Criticism. 
999 |a MARS 
999 f f |s 9287b35f-10a3-39a7-880b-1cbbd094097e  |i c8af4514-867a-351b-b7b9-4d217c82109a  |t 0 
952 f f |p ric  |a Texas A&M University  |b Rellis Campus  |c Joint Library Facility  |d Remote Storage  |t 0  |e PN94 .F6  |h Library of Congress classification  |i unmediated -- volume  |m A14801191071 
998 f f |a PN94 .F6  |t 0  |l Remote Storage